| 000 | 00878nam a2200241 i 4500 | ||
|---|---|---|---|
| 001 | 80028 | ||
| 003 | ES-MaACL | ||
| 005 | 20230906174117.0 | ||
| 007 | t| | ||
| 008 | 041026s1946 sp ||||1| spa d | ||
| 080 | _a347.998.4(460) | ||
| 100 | 1 |
_aHinojosa García, Juan. _963778 |
|
| 245 | 1 | 3 |
_aEl impulso judicial en la jurisdicción del trabajo / _cpor Juan Hinojosa García. |
| 260 |
_aMadrid : _bEscuela Social de Madrid, _c1946 ( _fF. Domenech) |
||
| 300 |
_a46 p. ; _c22 cm. |
||
| 490 | 1 | _aCuadernos del Congreso de Estudios Sociales. Sección 7ª | |
| 650 | 4 |
_aProcedimiento laboral- _zEspaña. _9140979 |
|
| 710 | 2 |
_aEscuela Social de Madrid. _93593 |
|
| 711 | 2 |
_aCongreso de Estudios Sociales ( _d1945. _cMadrid) _9173563 |
|
| 830 | 1 |
_aCuadernos del Congreso de Estudios Sociales. Sección 7ª _9183643 |
|
| 852 |
_aES-MaACL _j1864-F-28 |
||
| 999 |
_c80028 _d80028 |
||